000 00538nam a2200205Ia 4500
005 20250326144923.0
008 250326s9999 xx 000 0 und d
020 _a9812-53-086-X
037 _aTextbook
040 _aFMSL
_beng
_cFMSL
041 _aeng
_2eng
084 _aX:8C P4
_qFMSL
100 _aJiambalvo J
_9740565
245 0 _aManagerial accounitng
_cJiambalvo J
250 _a2
260 _aNew Jersey
_bNew Jersey, John Wiley
_c2004
300 _a512p
942 _cTB
_hX:8C P4
999 _c1305626
_d1305626